| 000 | 00687nam a22001817a 4500 | ||
|---|---|---|---|
| 005 | 20120329104756.0 | ||
| 020 |
_c65.00 _a |
||
| 035 | _aB-69282 | ||
| 037 |
_b _adpl |
||
| 082 | _a305.4 | ||
| 100 |
_a _944498 |
||
| 245 | 1 |
_aभारतीय महिलाएं नई दिशाएं / _c |
|
| 260 |
_aनई दिल्ली _bप्रकाशन विभाग _c2002 |
||
| 270 |
_a _b _e _k |
||
| 300 |
_a132पृ. _c22सेमी (सजिल्द) |
||
| 942 |
_adpl _cHN _k _2ddc _h305.4 _mभारत |
||
| 999 |
_c64488 _d64488 |
||